000 01022nam a2200217Ia 4500
999 _c39581
_d39581
001 6180
003 GE_BSU
005 20190529210128.0
008 181216s1983||||ge |||||||||||||| ||geo||
040 _cGE_BSU
041 _ageo
080 _a004.42(075.8) გ-58
100 _aგოთოშია, მ.
_91820
245 _aალგორითმიზაციის საფუძვლები და ალგორითმული ენა ფორტრანი :
_bდამხ.სახელმძღ. /
_cმ. გოთოშია ; რედ. მ. ძიძიგური.
264 _aთბილისი :
_bსპი,
_c1983.
300 _a104 გვ. ;
_c20 სმ.
504 _aბიბლიოგრ. : გვ.102.
653 _aალგორითმიზაციის საფუძვლები და ალგორითმული ენა ფორტრანი
700 _aძიძიგური, მ.
_eრედაქტორი
_9472
942 _cBK
_2udc